[Event "Baden-Baden"]
[Site "Baden-Baden"]
[Date "1981.??.??"]
[Round "?"]
[White "Kortschnoj, Viktor"]
[Black "Gheorghiu, Florin"]
[Result "1-0"]
[WhiteElo "2695"]
[BlackElo "2560"]
[PlyCount "155"]
[EventDate "1981.07.??"]
[Source "ChessBase"]

1. d4 Nf6 2. c4 c5 3. d5 g6 4. Nc3 d6 5. e4 Bg7 6. Nge2 e5 7. h3 a6 8. a4 h5 9. g3 Bh6 10. Bxh6 Rxh6 11. Qd2 Rh8 12. a5 Nbd7 13. Bg2 h4 14. g4 b6 15. axb6 Nxb6 16. b3 Nfd7 17. O-O g5 18. Nd1 f6 19. Ne3 Qc7 20. Qa5 Kd8 21. Rfc1 Rb8 22. Nf5 Rh7 23. Rcb1 Bb7 24. Nc1 Nc8 25. Qd2 Ne7 26. Nd3 Nxf5 27. exf5 Re7 28. Be4 Re8 29. Ne1 Ke7 30. Nf3 Rg8 31. Qc3 Bc8 32. Ra4 Rb6 33. Nd2 Bb7 34. Bc2 Rb8 35. Ne4 Kf7 36. Qa5 Bc8 37. b4 Ke7 38. Kg2 R8b7 39. bxc5 Nxc5 40. Rxb6 Qxb6 41. Nxc5 dxc5 42. Qxa6 Qxa6 43. Rxa6 Rb4 44. Ra7+ Kd6 45. Be4 Rxc4 46. f3 Rd4 47. Rf7 Bd7 48. Rxf6+ Ke7 49. Rh6 Bb5 50. Rb6 Bd3 51. Re6+ Kf7 52. Rxe5 c4 53. Kf2 c3 54. Bxd3 Rxd3 55. Re2 Rxd5 56. Rc2 Rc5 57. Ke3 Rc4 58. Kd3 Rf4 59. Rxc3 Rxf3+ 60. Kd4 Rf1 61. Rc7+ Kf6 62. Rc6+ Kf7 63. Rg6 Rh1 64. Rxg5 Rxh3 65. Rh5 Kf6 66. Ke4 Rh1 67. Rh6+ Kg7 68. Rg6+ Kf7 69. Kf4 Rf1+ 70. Kg5 h3 71. Rf6+ Kg7 72. Rh6 Rf3 73. f6+ Kf7 74. Rh7+ Kg8 75. Rg7+ Kh8 76. Rg6 Kh7 77. Rh6+ Kg8 78. Kg6 1-0

[Event "Aeroflot Open 2008"]
[Site "Moscu RUS"]
[Date "2008.02.17"]
[Round "4.12"]
[White "Lysyj, Igor"]
[Black "Evdokimov, Alexander A"]
[Result "1/2-1/2"]
[WhiteElo "2593"]
[BlackElo "2569"]
[PlyCount "51"]
[EventDate "2008.02.14"]
[Source "www.chesslib.no"]
[SourceDate "2004.05.04"]

1. d4 Nf6 2. c4 c5 3. d5 g6 4. Nc3 Bg7 5. Nf3 O-O 6. h3 d6 7. Bf4 Qb6 8. Qc1 e6 9. Nd2 Na6 10. g4 Qd8 11. Bg2 Nc7 12. a4 Nfe8 13. g5 f5 14. h4 Rb8 15. a5 Na6 16. Nb5 e5 17. Bh2 Nec7 18. Nxc7 Qxc7 19. O-O Nb4 20. Ra3 Bd7 21. Nb1 Qd8 22. Nc3 Qe7 23. Qd2 h6 24. f4 e4 25. Nd1 Bd4+ 26. Kh1 1/2-1/2

[Event "WchT U26"]
[Site "Maringa"]
[Date "1991.??.??"]
[Round "5"]
[White "Epishin, Vladimir V"]
[Black "Hernandez, Gilberto"]
[Result "1-0"]
[WhiteElo "2620"]
[BlackElo "2525"]
[PlyCount "121"]
[EventDate "1991.??.??"]
[Source "www.chesslib.no"]
[SourceDate "2004.05.04"]

1. d4 Nf6 2. c4 c5 3. d5 g6 4. Nc3 Bg7 5. e4 d6 6. Nf3 O-O 7. h3 Na6 8. Bd3 Nc7 9. O-O e5 10. Bg5 h6 11. Bd2 Nh7 12. Qc1 h5 13. Ng5 Ne8 14. Rb1 b6 15. a3 Nxg5 16. Bxg5 f6 17. Be3 f5 18. exf5 gxf5 19. f4 e4 20. Be2 Nf6 21. Bf2 Bd7 22. Bh4 Qe8 23. Nd1 Nh7 24. Ne3 Bd4 25. Kh2 Qg6 26. Qd2 Kh8 27. g3 Rg8 28. Rg1 Rg7 29. b4 Rag8 30. bxc5 dxc5 31. Nc2 Bxg1+ 32. Rxg1 Nf6 33. Ne3 Ne8 34. Qb2 Rf8 35. Qe5 Kh7 36. Be7 Rff7 37. d6 Rf6 38. Bxf6 Nxf6 39. Rg2 Ne8 40. Nd5 h4 41. g4 Qxd6 42. g5 Qg6 43. Bd1 Kh8 44. Rd2 Kh7 45. Be2 Qf7 46. Ne3 Qe6 47. Qa1 Kg6 48. Rd5 Qf7 49. Qe5 Be6 50. Rd8 Kh7 51. Bh5 Qxh5 52. Qxe6 Rg8 53. Qxf5+ Qg6 54. Qg4 Nf6 55. Qxh4+ Qh5 56. Rd7+ Kh8 57. Qxh5+ Nxh5 58. Rf7 Rd8 59. g6 Rd2+ 60. Kg1 Rd3 61. Nf5 1-0

[Event "Pale 72/(73)"]
[Site "?"]
[Date "1997.??.??"]
[Round "?"]
[White "Drasko, Milan"]
[Black "Spasov, Vasil"]
[Result "1/2-1/2"]
[WhiteElo "2520"]
[BlackElo "2600"]
[PlyCount "26"]
[EventDate "1997.??.??"]
[Source "ChessBase"]
[SourceDate "1998.02.01"]

1. d4 Nf6 2. c4 c5 3. d5 g6 4. Nf3 Bg7 5. g3 O-O 6. Bg2 d6 7. O-O b5 8. cxb5 a6 9. bxa6 Bf5 10. Nfd2 Nxa6 11. Nc3 Nb4 12. Nc4 Bc2 13. Qd2 Bb3 1/2-1/2

[Event "Open"]
[Site "?"]
[Date "2003.08.29"]
[Round "9"]
[White "Miladinovic Igor"]
[Black "Chatalbashev Boris"]
[Result "1/2-1/2"]
[WhiteElo "2609"]
[BlackElo "2509"]
[PlyCount "20"]
[EventDate "2003.??.??"]
[Source "www.chesslib.no"]
[SourceDate "2004.05.04"]

1. d4 Nf6 2. c4 c5 3. dxc5 Na6 4. g3 Nxc5 5. Bg2 d6 6. Nc3 g6 7. Nh3 Be6 8. Nf4 Bxc4 9. b3 Ba6 10. b4 Ncd7 1/2-1/2

[Event "Djakovo op"]
[Site "?"]
[Date "1994.??.??"]
[Round "9"]
[White "Hulak Krunoslav"]
[Black "Vaulin Alexander"]
[Result "1-0"]
[WhiteElo "2530"]
[BlackElo "2560"]
[PlyCount "190"]
[EventDate "1994.??.??"]
[Source "www.chesslib.no"]
[SourceDate "2004.05.04"]

1. d4 Nf6 2. c4 c5 3. d5 g6 4. g3 Bg7 5. Bg2 d6 6. Nf3 b5 7. cxb5 Qa5+ 8. Nfd2 Qxb5 9. O-O O-O 10. Nc3 Qa6 11. Re1 Nbd7 12. h3 Rb8 13. e4 Ne5 14. Bf1 c4 15. Re3 Qb6 16. b3 Ba6 17. Na4 Qa5 18. Bb2 cxb3 19. Bc3 Qxa4 20. axb3 Qd7 21. Rxa6 Qb7 22. Qa1 Ra8 23. f4 Ned7 24. b4 Ne8 25. Nb3 Bxc3 26. Qxc3 Rb8 27. Na5 Qxb4 28. Qxb4 Rxb4 29. Nc6 Rb7 30. Nxe7+ Kg7 31. Nc8 Nb6 32. Nxa7 Nc7 33. Ra5 Ra8 34. Rb3 Raxa7 35. Rxa7 Rxa7 36. Rxb6 Ne8 37. e5 Re7 38. Bb5 dxe5 39. d6 Nxd6 40. Rxd6 exf4 41. gxf4 Re4 42. f5 Rf4 43. Bd3 gxf5 44. Kg2 Rh4 45. Bxf5 Rh6 46. Rd5 Ra6 47. Bd3 Ra2+ 48. Kf3 h6 49. Rd7 Ra3 50. Kf4 Ra4+ 51. Be4 Ra3 52. h4 Ra6 53. Rd1 Rf6+ 54. Bf5 Rb6 55. Rg1+ Kf8 56. Be4 Rf6+ 57. Ke5 Re6+ 58. Kf5 Rg6 59. Ra1 Kg7 60. Bd5 Rf6+ 61. Ke5 Rf2 62. Be4 Kf8 63. Rg1 Rh2 64. Rg4 Rf2 65. Bd3 Rd2 66. Bh7 Re2+ 67. Kf4 Re8 68. Rg1 Rd8 69. Ke5 Ke7 70. Rg7 Rd2 71. Kf4 Rf2+ 72. Kg3 Kf6 73. Rg8 Rf1 74. Be4 Rg1+ 75. Bg2 Ra1 76. Kg4 Ra5 77. Be4 Re5 78. Kf4 Rh5 79. Kg4 Re5 80. Kf4 Rh5 81. Rg4 Ra5 82. Ke3 Rb5 83. Bd3 Re5+ 84. Kd4 Ra5 85. Rf4+ Kg7 86. Bc4 Ra7 87. Kc5 Rc7+ 88. Kd6 Ra7 89. Bd5 Ra6+ 90. Ke7 Ra7+ 91. Ke8 f5 92. Rxf5 Ra4 93. h5 Rg4 94. Rf7+ Kh8 95. Rf8+ Kh7 1-0

[Event "Munich op9293"]
[Site "?"]
[Date "1992.??.??"]
[Round "6"]
[White "Vaisser, A."]
[Black "Minasian, A."]
[Result "1-0"]
[WhiteElo "2540"]
[BlackElo "2530"]
[PlyCount "91"]
[EventDate "1992.??.??"]
[Source "www.chesslib.no"]
[SourceDate "2004.05.04"]

1. d4 Nf6 2. c4 c5 3. d5 a6 4. a4 e6 5. Nc3 Bd6 6. e4 exd5 7. cxd5 O-O 8. Bd3 Re8 9. Nf3 Bc7 10. O-O d6 11. Nd2 Nbd7 12. Nc4 Rb8 13. Bf4 Nf8 14. a5 Bg4 15. f3 Bc8 16. h3 Ng6 17. Bh2 Ne5 18. Re1 Nfd7 19. Qd2 f6 20. Nd1 Nxd3 21. Qxd3 Ne5 22. Bxe5 fxe5 23. f4 exf4 24. e5 Bd7 25. e6 Bb5 26. Nc3 Re7 27. Rf1 Bxc4 28. Qxc4 g5 29. Ne4 Rg7 30. Qc3 Rg6 31. h4 h6 32. h5 Rg7 33. Nf6+ Kh8 34. Ng4 Qe7 35. Nxh6 Rf8 36. Rae1 Bd8 37. Nf7+ Kg8 38. h6 Rh7 39. g3 Rfxf7 40. exf7+ Qxf7 41. Re6 Be7 42. Rfe1 f3 43. Kf2 Qh5 44. Rxe7 Qh2+ 45. Kxf3 g4+ 46. Kxg4 1-0

[Event "Las Palmas I it Bajada de la Virgen"]
[Site "?"]
[Date "1995.??.??"]
[Round "?"]
[White "Kurajica Bojan"]
[Black "Fernandez Jl"]
[Result "1/2-1/2"]
[WhiteElo "2595"]
[BlackElo "2445"]
[PlyCount "46"]
[EventDate "1995.??.??"]
[Source "www.chesslib.no"]
[SourceDate "2004.05.04"]

1. d4 Nf6 2. c4 c5 3. Nc3 cxd4 4. Qxd4 Nc6 5. Qd2 e6 6. e3 d5 7. Nf3 Bb4 8. Qc2 O-O 9. Be2 dxc4 10. O-O Bd7 11. Bxc4 Rc8 12. Rd1 Qc7 13. Bd3 Rfd8 14. a3 Be7 15. Nb5 Qb8 16. Qe2 Na5 17. Nbd4 Ba4 18. Re1 Nb3 19. Nxb3 Bxb3 20. Nd4 Bd5 21. Bd2 Be4 22. Bxe4 Nxe4 23. Ba5 Rd5 1/2-1/2

[Event "It (Open) Basel SUI"]
[Site "?"]
[Date "2006.01.06"]
[Round "6"]
[White "Roiz Michael"]
[Black "Vajda Albert"]
[Result "1/2-1/2"]
[WhiteElo "2599"]
[BlackElo "2439"]
[PlyCount "131"]
[EventDate "2006.??.??"]
[Source "www.chesslib.no"]
[SourceDate "2004.05.04"]

1. d4 Nf6 2. c4 c5 3. d5 a6 4. a4 e5 5. Nc3 d6 6. e4 Be7 7. a5 Nbd7 8. Bd3 Nf8 9. Bd2 N6d7 10. Na4 Bg5 11. Bc3 h5 12. Ne2 Ng6 13. b4 Rb8 14. O-O h4 15. Qb3 O-O 16. Qa3 Qc7 17. Rfb1 Be7 18. bxc5 dxc5 19. Nb6 Nf6 20. Rb3 Bd6 21. Qb2 Bd7 22. Nxd7 Qxd7 23. f4 Rfe8 24. f5 Nf8 25. Be1 h3 26. gxh3 Nh5 27. Bd2 Nh7 28. Kh1 Qe7 29. Rg1 Qh4 30. Bb1 Bf8 31. Be1 Qe7 32. Rb6 Kh8 33. Qc3 Qc7 34. Qf3 N5f6 35. Bc2 Nd7 36. Rb1 b5 37. axb6 Nxb6 38. Qd3 Qd6 39. Ra1 Ra8 40. Nc1 Qh6 41. Nb3 Be7 42. Rg4 a5 43. Bd2 Qd6 44. Rxa5 Nd7 45. Rg1 Bh4 46. Qe2 Rxa5 47. Nxa5 Rb8 48. Qh5 Qf6 49. Rg4 g5 50. Rg2 Rb2 51. Bc3 Ra2 52. Bb3 Rf2 53. Rxf2 Bxf2 54. Nc6 Bd4 55. Ba5 Qg7 56. Qf3 Qh6 57. Be1 Nhf6 58. Bc2 g4 59. hxg4 Qc1 60. Qd1 Qe3 61. Nxd4 exd4 62. Bh4 Nxe4 63. Qd3 Qf4 64. Bg3 Nxg3+ 65. hxg3 Qxg4 66. Kg2 1/2-1/2

[Event "37th Rilton Cup"]
[Site "Stockholm SWE"]
[Date "2008.01.03"]
[Round "7"]
[White "Akesson, R."]
[Black "Cicak, S."]
[Result "0-1"]
[WhiteElo "2468"]
[BlackElo "2569"]
[PlyCount "84"]
[EventDate "2007.12.27"]
[Source "www.chesslib.no"]
[SourceDate "2004.05.04"]

1. d4 Nf6 2. c4 c5 3. d5 a6 4. a4 e6 5. Nc3 Bd6 6. Nf3 Qe7 7. g3 Bc7 8. a5 d6 9. Bg2 e5 10. O-O O-O 11. e4 Bg4 12. Qb3 Qd8 13. Qxb7 Nbd7 14. Nh4 Bxa5 15. f3 Rb8 16. Qxa6 Bxc3 17. bxc3 Nb6 18. fxg4 Ra8 19. Qxa8 Nxa8 20. Bg5 Nb6 21. Nf5 Nbd7 22. Ra6 h6 23. Bxf6 Nxf6 24. Rxd6 Qa5 25. Rxf6 gxf6 26. Nxh6+ Kg7 27. Nf5+ Kh7 28. Rf3 Rb8 29. d6 Qa2 30. Bf1 Qc2 31. Re3 Rb1 32. Nh4 Qd2 33. Rf3 Rb2 34. Ng2 Kg7 35. h4 Qxd6 36. Rd3 Qc6 37. Rd5 Qa4 38. Ne3 Qa1 39. Rd1 Qa3 40. Nf5+ Kh7 41. Rd3 Ra2 42. Re3 Qc1 0-1

[Event "JUG-ch"]
[Site "Tivat"]
[Date "1994.??.??"]
[Round "2"]
[White "Drasko, Milan"]
[Black "Velimirovic, Dragoljub"]
[Result "1/2-1/2"]
[WhiteElo "2545"]
[BlackElo "2490"]
[PlyCount "25"]
[EventDate "1994.03.??"]
[Source "ChessBase"]

1. d4 Nf6 2. c4 c5 3. d5 g6 4. Nf3 Bg7 5. g3 d6 6. Bg2 O-O 7. O-O a6 8. Nc3 b5 9. cxb5 axb5 10. Nxb5 Ne4 11. Ne1 Ba6 12. Na3 Nf6 13. Nec2 1/2-1/2

[Event "Berlin GER"]
[Site "?"]
[Date "1988.??.??"]
[Round "8"]
[White "Balashov Yuri S"]
[Black "Zaichik Gennadi"]
[Result "1/2-1/2"]
[WhiteElo "2540"]
[BlackElo "2495"]
[PlyCount "103"]
[EventDate "1988.??.??"]
[Source "www.chesslib.no"]
[SourceDate "2004.05.04"]

1. d4 Nf6 2. c4 c5 3. d5 g6 4. Nc3 Bg7 5. Nf3 O-O 6. Bg5 d6 7. e3 h6 8. Bh4 b5 9. cxb5 a6 10. Nd2 e6 11. dxe6 Bxe6 12. Be2 d5 13. O-O axb5 14. Nxb5 Qb6 15. a4 Rc8 16. Bf3 Nc6 17. e4 dxe4 18. Nxe4 Nxe4 19. Bxe4 Bc4 20. Bd3 Bxd3 21. Qxd3 Nd4 22. Qc4 Nxb5 23. axb5 Rab8 24. Rab1 Qxb5 25. b3 Qxc4 26. bxc4 Rb4 27. Rfc1 Rcb8 28. Rxb4 cxb4 29. Rb1 b3 30. Kf1 b2 31. Ke2 Rb4 32. Kd3 Rb3+ 33. Kd2 f5 34. Bd8 Kf7 35. Ba5 Ra3 36. Bb4 Ra1 37. Kc2 Ra4 38. Kb3 Ra1 39. Kc2 Be5 40. h3 h5 41. f3 f4 42. Bd2 h4 43. Bb4 Ke6 44. Bd2 g5 45. Bb4 Kd7 46. Bd2 Kc6 47. Bb4 Bf6 48. Bf8 Ra8 49. Bb4 Ra1 50. Bf8 Kb6 51. Bb4 Ra4 52. Bc3 1/2-1/2

[Event "It (Men) Malmo SWE"]
[Site "?"]
[Date "2006.05.03"]
[Round "6"]
[White "Hillarp Persson Tiger"]
[Black "Cicak Slavko"]
[Result "1-0"]
[WhiteElo "2524"]
[BlackElo "2506"]
[PlyCount "115"]
[EventDate "2006.??.??"]
[Source "www.chesslib.no"]
[SourceDate "2004.05.04"]

1. d4 Nf6 2. c4 c5 3. d5 a6 4. Nf3 e6 5. Nc3 exd5 6. cxd5 b5 7. Bg5 d6 8. a4 b4 9. Bxf6 Qxf6 10. Ne4 Qd8 11. Ned2 Be7 12. Nc4 O-O 13. Qc2 a5 14. e4 Ba6 15. Ne3 Bxf1 16. Kxf1 Nd7 17. Nc4 Nb6 18. Rd1 b3 19. Qxb3 Nxc4 20. Qxc4 Rb8 21. b3 Rb4 22. Qc2 Qb8 23. Nd2 Bg5 24. Nc4 Rxb3 25. g3 Bf6 26. Rd3 Rb4 27. Kg2 Bd4 28. Rf3 Qc7 29. Re1 f6 30. h4 Rd8 31. Re2 Qa7 32. Na3 Rdb8 33. Nb5 R8xb5 34. axb5 Qb7 35. h5 Qxb5 36. e5 fxe5 37. Qf5 Qe8 38. Re4 Rb7 39. Rg4 Rf7 40. Qe4 Rxf3 41. Qxf3 Qf7 42. Qe2 Qxd5+ 43. f3 c4 44. Qc2 Qe6 45. Qb1 Qh6 46. Qb8+ Kf7 47. Qc7+ Kf8 48. Qc8+ Ke7 49. Qg8 Kf6 50. Qf8+ Ke6 51. Rxg7 Qd2+ 52. Kh3 Kd5 53. Qa8+ Kc5 54. Qb7 Be3 55. Rc7+ Kd4 56. Qe4+ Kc3 57. Qxc4+ Kb2 58. Rb7+ 1-0

[Event "Sitges"]
[Site "?"]
[Date "2006.07.26"]
[Round "6"]
[White "Epishin Vladimir"]
[Black "Munoz Pantoja Miguel"]
[Result "1/2-1/2"]
[WhiteElo "2555"]
[BlackElo "2473"]
[PlyCount "79"]
[EventDate "2006.??.??"]
[Source "www.chesslib.no"]
[SourceDate "2004.05.04"]

1. d4 c5 2. d5 Nf6 3. c4 g6 4. Nc3 Qa5 5. Bd2 d6 6. e4 Bg7 7. Bd3 O-O 8. Nge2 e6 9. O-O e5 10. b4 Qd8 11. bxc5 dxc5 12. Bg5 h6 13. Be3 b6 14. h3 Ne8 15. Qd2 Kh7 16. a4 a5 17. Nb5 Ba6 18. Nec3 Bxb5 19. Nxb5 Nd6 20. Nxd6 Qxd6 21. f4 exf4 22. Bxf4 Be5 23. Rae1 h5 24. Bh6 Nd7 25. Bxf8 Rxf8 26. Kh1 Qe7 27. Bc2 Bd6 28. e5 Nxe5 29. Qc3 Bc7 30. Re2 Qg5 31. Re4 Kg8 32. Rfe1 Re8 33. Bd1 f5 34. R4e3 h4 35. d6 Bxd6 36. Bf3 Kg7 37. Qd2 Qf6 38. Bd5 Re7 39. Qf2 Qg5 40. Rb1 1/2-1/2

[Event "Category XII"]
[Site "Katrineholm SWE"]
[Date "1999.05.20"]
[Round "9"]
[White "Ibragimov, I."]
[Black "Laveryd, P."]
[Result "1-0"]
[WhiteElo "2602"]
[BlackElo "2420"]
[PlyCount "57"]
[EventDate "1999.??.??"]
[Source "www.chesslib.no"]
[SourceDate "2004.05.04"]

1. d4 Nf6 2. c4 c5 3. d5 a6 4. f3 d6 5. e4 g6 6. Nc3 Bg7 7. Bg5 h6 8. Be3 O-O 9. Qd2 h5 10. Nge2 Nbd7 11. Nc1 Re8 12. Be2 e6 13. dxe6 Rxe6 14. Nd3 Re8 15. Nf4 Ne5 16. Rd1 g5 17. Nfd5 Nh7 18. O-O Rb8 19. Kh1 Nc6 20. f4 g4 21. Bd3 Nd4 22. e5 Bf5 23. Ne4 dxe5 24. fxe5 Bxe5 25. Bxd4 Bxe4 26. Bxe5 Rxe5 27. Bxe4 Rxe4 28. Nf6+ Nxf6 29. Qg5+ 1-0

[Event "Sochi"]
[Site "Sochi"]
[Date "1986.??.??"]
[Round "4"]
[White "Gligoric, Svetozar"]
[Black "Hodgson, Julian M"]
[Result "1/2-1/2"]
[WhiteElo "2520"]
[BlackElo "2500"]
[PlyCount "133"]
[EventDate "1986.09.??"]
[Source "ChessBase"]

1. d4 Nf6 2. c4 c5 3. d5 a6 4. Nf3 b5 5. a4 Bb7 6. axb5 axb5 7. Rxa8 Bxa8 8. Nc3 Qa5 9. Nd2 b4 10. Nb3 Qd8 11. Nb5 d6 12. Bf4 Nbd7 13. Qa1 Bb7 14. e4 g5 15. Bxg5 Nxe4 16. Bh4 Bg7 17. Bd3 Nef6 18. Qa7 Qb6 19. Qxb6 Nxb6 20. Na5 Ba8 21. O-O Kd7 22. Ra1 Nfxd5 23. cxd5 Bxd5 24. Re1 e6 25. b3 Ra8 26. Nc4 Nxc4 27. bxc4 Bc6 28. Bg3 Bxb5 29. cxb5 d5 30. Rd1 b3 31. Kf1 Ra1 32. Rxa1 Bxa1 33. Ke2 c4 34. Bb1 Bd4 35. f3 c3 36. Kd3 c2 37. Bxc2 bxc2 38. Kxc2 Bc5 39. h3 Kc8 40. Be5 Kb7 41. Kb3 Kb6 42. Ka4 Be3 43. Bf6 Kc5 44. Bd8 Kc4 45. b6 d4 46. b7 Bf4 47. Bg5 Bc7 48. Bd2 f5 49. g4 fxg4 50. hxg4 e5 51. Be1 Bb8 52. Ba5 Kd3 53. Kb5 Ke2 54. Kc6 d3 55. Bc7 Bxc7 56. Kxc7 d2 57. b8=Q d1=Q 58. Qb2+ Kxf3 59. Qxe5 Qc2+ 60. Kd8 Qd3+ 61. Ke7 Kxg4 62. Qg7+ Qg6 63. Qd4+ Kh5 64. Kf8 Qf5+ 65. Kg7 Qg4+ 66. Qxg4+ Kxg4 67. Kxh7 1/2-1/2

[Event "Bad Woerishofen op"]
[Site "Bad Woerishofen"]
[Date "1994.??.??"]
[Round "6"]
[White "Boensch, Uwe"]
[Black "Mainka, Romuald"]
[Result "0-1"]
[WhiteElo "2535"]
[BlackElo "2480"]
[PlyCount "78"]
[EventDate "1994.03.??"]
[Source "ChessBase"]

1. d4 Nf6 2. c4 c5 3. e3 g6 4. Nf3 Bg7 5. Be2 O-O 6. O-O d5 7. cxd5 cxd4 8. Nxd4 Nxd5 9. Nc3 Nxc3 10. bxc3 a6 11. Ba3 Qc7 12. Qb3 Re8 13. Rfd1 e5 14. Nf3 Be6 15. Qa4 Bd7 16. Qc4 Qxc4 17. Bxc4 h6 18. Bd5 Bc6 19. c4 e4 20. Nd4 Bxd5 21. cxd5 Nd7 22. Rab1 Bxd4 23. Rxd4 b5 24. Rc1 Rec8 25. Rc6 Ne5 26. Rxc8+ Rxc8 27. h3 f5 28. Bd6 Nd3 29. Bb4 Rc1+ 30. Kh2 Rc4 31. Rxc4 bxc4 32. Ba5 Kf7 33. Kg1 Ke7 34. f3 Kd6 35. fxe4 fxe4 36. Kf1 Kxd5 37. Bd2 Kc5 38. Ke2 Nb4 39. a3 Nd5 0-1

[Event "Graested"]
[Site "Graested"]
[Date "1990.??.??"]
[Round "9"]
[White "Levitt, Jonathan"]
[Black "Larsen, Bent"]
[Result "1/2-1/2"]
[WhiteElo "2465"]
[BlackElo "2550"]
[PlyCount "120"]
[EventDate "1990.02.??"]
[Source "ChessBase"]

1. d4 Nf6 2. c4 c5 3. dxc5 e6 4. Nf3 Bxc5 5. e3 O-O 6. Nc3 d5 7. cxd5 Nxd5 8. Nxd5 exd5 9. Nd4 Nc6 10. Nxc6 bxc6 11. Bd3 Bb6 12. Qc2 Qh4 13. O-O c5 14. b3 Be6 15. Ba3 Rac8 16. Rac1 Rfd8 17. Bf5 c4 18. bxc4 Rxc4 19. Qb1 Rxc1 20. Bxc1 Bxf5 21. Qxf5 Qe4 22. Qxe4 dxe4 23. Bb2 Rd2 24. Rb1 h5 25. a4 Rc2 26. h3 f6 27. Bd4 Bxd4 28. exd4 Ra2 29. Rb8+ Kh7 30. Rb4 Ra1+ 31. Kh2 Rf1 32. d5 Rxf2 33. Rxe4 Rd2 34. Re7 a5 35. Rd7 Kg6 36. d6 h4 37. Ra7 Rxd6 38. Rxa5 Rd1 39. Ra8 Ra1 40. a5 Kg5 41. a6 f5 42. Ra7 g6 43. Ra8 Kf4 44. Rh8 Kg5 45. Ra8 Ra2 46. Kg1 Kf4 47. Kh2 g5 48. Ra7 Ra3 49. Ra8 Ra1 50. Ra7 g4 51. hxg4 fxg4 52. Rf7+ Kg5 53. Rg7+ Kf5 54. Rf7+ Kg6 55. Ra7 Ra2 56. Ra8 Kg7 57. Ra7+ Kh6 58. Ra8 h3 59. a7 Kg7 60. Rb8 Rxa7 1/2-1/2

[Event "Open Acropolis 2007"]
[Site "Atene GRE"]
[Date "2007.08.21"]
[Round "8.8"]
[White "Esen, Baris"]
[Black "Chatalbashev, Boris"]
[Result "1-0"]
[WhiteElo "2441"]
[BlackElo "2573"]
[PlyCount "91"]
[EventDate "2007.08.14"]
[Source "www.chesslib.no"]
[SourceDate "2004.05.04"]

1. d4 g6 2. c4 Bg7 3. e4 c5 4. d5 d6 5. Nc3 Nf6 6. Nf3 O-O 7. h3 e5 8. g4 h5 9. Nh2 b5 10. Bg5 b4 11. Nb1 hxg4 12. Nxg4 Bxg4 13. hxg4 Qd7 14. f3 Nh7 15. Be3 f6 16. g5 fxg5 17. Bh3 Qe7 18. Nd2 Na6 19. Qe2 Nc7 20. Qh2 Bf6 21. Bxc5 dxc5 22. d6 Qg7 23. dxc7 Qxc7 24. Be6+ Kh8 25. Nb3 Rae8 26. Bg4 Rf7 27. O-O-O Kg8 28. Rd5 Nf8 29. Rxc5 Qb6 30. Rd1 Rc7 31. Rxc7 Qxc7 32. Qc2 a5 33. Rd5 a4 34. Nc5 a3 35. b3 Re7 36. Nd3 Rh7 37. Nxb4 Qb6 38. Qc3 Qf2 39. Rd1 Be7 40. Nc2 Bc5 41. Qd2 Rh2 42. Qxf2 Rxf2 43. b4 Bd4 44. Nxd4 exd4 45. Rd2 Rf1+ 46. Kc2 1-0

[Event "Moscow RUS"]
[Site "?"]
[Date "2005.02.23"]
[Round "9"]
[White "Belozerov Andrei"]
[Black "Lopez Martinez Josep Manuel"]
[Result "1-0"]
[WhiteElo "2546"]
[BlackElo "2468"]
[PlyCount "111"]
[EventDate "2005.??.??"]
[Source "www.chesslib.no"]
[SourceDate "2004.05.04"]

1. d4 Nf6 2. c4 c5 3. d5 a6 4. Nc3 b5 5. e4 b4 6. Na4 d6 7. Bd3 e5 8. f4 Bg4 9. Be2 Bd7 10. Nf3 Qa5 11. b3 Bxa4 12. bxa4 Nxe4 13. O-O Nc3 14. Qc2 e4 15. Ng5 Qxa4 16. Qxa4+ Nxa4 17. Nxe4 Be7 18. Bd2 Nd7 19. a3 a5 20. axb4 axb4 21. Bd1 Nab6 22. Rxa8+ Nxa8 23. Re1 O-O 24. Bb3 Rb8 25. Bc1 Kf8 26. Bb2 Nab6 27. g4 Nf6 28. Bxf6 Bxf6 29. Nxd6 h6 30. Kg2 g6 31. h4 Bxh4 32. Ra1 Be7 33. Ne4 f5 34. gxf5 gxf5 35. Ng3 Ra8 36. Rh1 Bd6 37. Rxh6 Bxf4 38. Rf6+ Ke8 39. Rxb6 Ra3 40. Ne2 Bd2 41. Bc2 f4 42. Be4 b3 43. d6 Ba5 44. Rb7 Ra2 45. Kf3 Rd2 46. d7+ Ke7 47. Rxb3 Kxd7 48. Nxf4 Rd4 49. Bd5 Kd6 50. Ra3 Bb4 51. Ra6+ Kd7 52. Ng6 Rd3+ 53. Ke4 Ra3 54. Ne5+ Kc7 55. Rc6+ Kd8 56. Nd3 1-0

[Event "Oakham"]
[Site "?"]
[Date "1992.??.??"]
[Round "3"]
[White "Ulibin, M."]
[Black "Hauchard, A."]
[Result "1/2-1/2"]
[WhiteElo "2585"]
[BlackElo "2420"]
[PlyCount "89"]
[EventDate "1992.??.??"]
[Source "www.chesslib.no"]
[SourceDate "2004.05.04"]

1. d4 Nf6 2. c4 c5 3. d5 a6 4. a4 e6 5. Nc3 Bd6 6. g3 Bc7 7. Bg2 exd5 8. cxd5 d6 9. Nf3 O-O 10. O-O Re8 11. h3 Nbd7 12. Bf4 Nf8 13. Qc2 Bd7 14. e4 b5 15. axb5 axb5 16. Rxa8 Qxa8 17. Bg5 Bd8 18. Re1 Ng6 19. b3 h6 20. Bc1 Nh7 21. Kh2 Bf6 22. Bb2 Ne5 23. Nxe5 Bxe5 24. f4 Bd4 25. Ra1 Qd8 26. Ne2 Bxb2 27. Qxb2 Qf6 28. Qb1 b4 29. Ra7 Bb5 30. Qc2 g5 31. Rb7 Bxe2 32. Qxe2 gxf4 33. Qg4+ Qg5 34. Qxf4 Qxf4 35. gxf4 Nf6 36. e5 dxe5 37. fxe5 Rxe5 38. d6 Re8 39. Bf1 Ne4 40. Rd7 Re6 41. Rd8+ Kg7 42. d7 Rd6 43. Re8 Rd2+ 44. Kg1 Ng5 45. Bb5 1/2-1/2

[Event "London Lloyds"]
[Site "London ENG"]
[Date "1993.??.??"]
[Round "6"]
[White "Wells, Peter K"]
[Black "Norwood, David"]
[Result "1/2-1/2"]
[WhiteElo "2485"]
[BlackElo "2515"]
[PlyCount "88"]
[EventDate "1993.08.??"]
[Source "www.chesslib.no"]
[SourceDate "2004.05.04"]

1. d4 g6 2. e4 Bg7 3. c4 c5 4. d5 d6 5. Nc3 Nf6 6. Nf3 O-O 7. h3 Na6 8. Bg5 Nc7 9. Qd2 a6 10. a4 Rb8 11. a5 b5 12. axb6 Rxb6 13. Bd3 Bd7 14. O-O Qb8 15. Ra2 e5 16. Rb1 Nh5 17. Be3 f5 18. Qc2 f4 19. Bd2 Kh8 20. Nd1 Ne8 21. Ba5 Rb7 22. b4 cxb4 23. Rab2 Qc8 24. Rxb4 Rxb4 25. Bxb4 Bxh3 26. gxh3 Qxh3 27. Nh2 f3 28. Bf1 Qh4 29. Bd2 g5 30. Ne3 g4 31. Nexg4 Rg8 32. Rb8 Nhf6 33. Rxe8 Rxe8 34. Nxf6 Bxf6 35. Nxf3 Rg8+ 36. Bg2 Rxg2+ 37. Kxg2 Qg4+ 38. Kf1 Qxf3 39. Be3 h5 40. c5 dxc5 41. Qxc5 Kg7 42. Qa7+ Kg6 43. Qxa6 Qxe4 44. Qe6 Qc4+ 1/2-1/2

[Event "Skei"]
[Site "Skei"]
[Date "1993.??.??"]
[Round "4"]
[White "Baburin, Alexander"]
[Black "Kristensen, Bjarke"]
[Result "1-0"]
[WhiteElo "2550"]
[BlackElo "2445"]
[PlyCount "83"]
[EventDate "1993.??.??"]
[Source "ChessBase"]

1. d4 Nf6 2. c4 c5 3. d5 a6 4. a4 d6 5. Nc3 g6 6. e4 Bg7 7. h3 O-O 8. Nf3 Re8 9. Bd3 e6 10. O-O h6 11. a5 e5 12. Bd2 Nh5 13. Na4 Nf4 14. Bc2 Nd7 15. Kh2 g5 16. g3 Ng6 17. Ne1 Rb8 18. Ra3 Kh7 19. Ng2 Rh8 20. Ne3 Kg8 21. Kg2 Bf8 22. Rh1 Rh7 23. Nf5 Nf6 24. h4 g4 25. h5 Ne7 26. Ne3 Rg7 27. Rh4 Rg5 28. Nb6 Bg7 29. Qh1 Bd7 30. Nd1 Nh7 31. Bxg5 Nxg5 32. Nxd7 Qxd7 33. Ne3 f5 34. exf5 e4 35. f6 Bxf6 36. Qd1 Bxb2 37. Rb3 Bd4 38. Qxg4 Qa4 39. Rxb7 Qe8 40. Rxb8 Qxb8 41. Qd7 Bxe3 42. fxe3 1-0

[Event "Marlboro Chess Classic"]
[Site "?"]
[Date "1979.06.22"]
[Round "7"]
[White "Bachtiar Arovah"]
[Black "Dorfman Josif D"]
[Result "0-1"]
[WhiteElo "2390"]
[BlackElo "2595"]
[PlyCount "102"]
[EventDate "1979.??.??"]
[Source "www.chesslib.no"]
[SourceDate "2004.05.04"]

1. d4 Nf6 2. c4 c5 3. dxc5 Qa5+ 4. Nc3 Qxc5 5. e4 g6 6. Be2 d6 7. Nf3 Bg7 8. O-O O-O 9. Be3 Qa5 10. Qd2 Nc6 11. Nd4 Nxd4 12. Qxd4 Ng4 13. Qd2 Bxc3 14. bxc3 Nxe3 15. Qxe3 Bd7 16. Rad1 Bc6 17. Rd2 Qe5 18. Rd4 f6 19. Kh1 Qc5 20. Bg4 e5 21. Be6+ Kg7 22. Rd3 Qxe3 23. fxe3 Rad8 24. Rfd1 Bxe4 25. Rxd6 Rxd6 26. Rxd6 Bc6 27. Kg1 h5 28. c5 h4 29. c4 f5 30. g3 hxg3 31. hxg3 Rh8 32. Bd5 Rc8 33. Be6 Rc7 34. g4 fxg4 35. Bxg4 Be4 36. Rd7+ Rxd7 37. Bxd7 Kf6 38. Bc8 Ke7 39. Kf2 b6 40. Kg3 bxc5 41. Ba6 Bc6 42. Bc8 Kf6 43. Bh3 Bb7 44. a3 Ba6 45. Bf1 Kf5 46. Bd3+ e4 47. Be2 Kg5 48. a4 Bc8 49. a5 Be6 50. Bf1 Bg4 51. Bg2 Kf5 0-1